000 00639cam a2200229 4500500
005 20260405002459.0
041 _afre
042 _adc
100 1 0 _aDenieuil, Marie
_eauthor
245 0 0 _aPourquoi regarde-t-on sa montre ?
260 _c2017.
500 _a25
690 _aBergson
690 _aDurée
690 _aHartmut Rosa
690 _aMerleau-Ponty
690 _aMonte
690 _aSénèque
690 _aTemps
786 0 _nPhilosophie magazine | 110 | 6 | 2017-06-01 | p. 35-35 | 1951-1787
856 4 1 _uhttps://shs.cairn.info/magazine-philosophie-magazine-2017-6-page-35?lang=fr&redirect-ssocas=7080
999 _c2058072
_d2058072